[Event "Ketrzyn op"]
[Site "Ketrzyn"]
[Date "2007.12.28"]
[Round "3"]
[White "Karski, Lukasz"]
[Black "Szacht, Egbert"]
[Result "0-1"]
[WhiteElo "1908"]
[BlackElo "2117"]
[PlyCount "79"]
[EventDate "2007.12.27"]
[EventType "swiss"]
[EventRounds "9"]
[EventCountry "POL"]
[SourceTitle "CBM 122 Extra"]
[Source "ChessBase"]
[SourceDate "2008.03.04"]
[SourceVersion "1"]
[SourceVersionDate "2008.03.04"]
[SourceQuality "1"]

1. d4 Nf6 2. c4 g6 3. Nc3 Bg7 4. e4 d6 5. Nf3 0-0 6. Be2 e5 7. dxe5 dxe5 8. Qxd8 Rxd8 9. Bg5 Rf8 10. Nd5 Nxd5 11. cxd5 c6 12. Bc4 b5 13. Bb3 Bb7 14. Rd1 c5 15. 0-0 c4 16. Bc2 a5 17. Nd2 Rc8 18. Rc1 Nd7 19. Be3 Ba6 20. Rfe1 Nc5 21. Bb1 Bf8 22. f3 Na4 23. b3 Nb2 24. bxc4 bxc4 25. Nf1 c3 26. Bc2 Bd3 27. Rb1 Bc4 28. Kh1 Rab8 29. Bc1 Bb4 30. a4 Nd3 31. Bxd3 Bxd3 32. Ra1 c2 33. Nd2 Bc3 34. Ra3 Bxd2 35. Bxd2 Rb1 36. Bc1 Rcb8 37. Kg1 Be2 38. Rc3 Bd1 39. Bh6 f6 40. Bd2 0-1

[Event "POL-chT 2nd League"]
[Site "Wysowa"]
[Date "2007.09.10"]
[Round "8"]
[White "Szacht, Egbert"]
[Black "Budrewicz, Krzysztof"]
[Result "0-1"]
[WhiteElo "2143"]
[BlackElo "2224"]
[PlyCount "94"]
[EventDate "2007.09.03"]
[EventType "team-swiss"]
[EventRounds "9"]
[EventCountry "POL"]
[SourceTitle "EXT 2010"]
[Source "ChessBase"]
[SourceDate "2010.11.25"]
[SourceVersion "1"]
[SourceVersionDate "2010.11.25"]
[SourceQuality "1"]
[WhiteTeam "Olsztyn Trzydziestka"]
[BlackTeam "Olsztyn AZS UMW"]
[WhiteTeamCountry "POL"]
[BlackTeamCountry "POL"]

1. d4 Nf6 2. c4 g6 3. Nc3 Bg7 4. e4 d6 5. Nf3 0-0 6. Be2 e5 7. 0-0 Na6 8. Be3 Qe8 9. d5 Ng4 10. Bg5 f6 11. Bh4 g5 12. Bg3 Nh6 13. Ne1 g4 14. f3 f5 15. fxg4 fxg4 16. Rxf8+ Bxf8 17. Nd3 Be7 18. Qd2 Qg6 19. Bf2 Nf7 20. Be3 Bd7 21. Rb1 Ng5 22. Nf2 h5 23. b4 Rf8 24. Qc2 Nf3+ 25. Kh1 Nxh2 26. Kxh2 g3+ 27. Kg1 gxf2+ 28. Bxf2 h4 29. Bf1 h3 30. g3 Rf3 31. Nd1 Bh4 32. Rb3 Ba4 33. Qe2 Rf7 34. Rf3 Rxf3 35. Qxf3 Bxd1 36. Qxd1 Bxg3 37. Bxh3 Nxb4 38. Bf5 Qg5 39. Qa4 Bxf2+ 40. Kxf2 Nd3+ 41. Kf1 Qc1+ 42. Ke2 Nf4+ 43. Kf2 Qd2+ 44. Kg3 Qg2+ 45. Kh4 Qh2+ 46. Kg5 Qh5+ 47. Kf6 Qh4# 0-1

[Event "Ostroda op"]
[Site "Ostroda"]
[Date "2007.08.11"]
[Round "8"]
[White "Szacht, Egbert"]
[Black "Krasowski, Slawomir"]
[Result "1-0"]
[WhiteElo "2143"]
[BlackElo "2081"]
[PlyCount "99"]
[EventDate "2007.08.06"]
[EventType "swiss"]
[EventRounds "9"]
[EventCountry "POL"]
[SourceTitle "EXT 2009"]
[Source "ChessBase"]
[SourceDate "2008.11.26"]
[SourceVersion "1"]
[SourceVersionDate "2008.11.26"]
[SourceQuality "1"]

1. d4 Nf6 2. c4 g6 3. Nc3 d5 4. cxd5 Nxd5 5. e4 Nxc3 6. bxc3 c5 7. Nf3 Bg7 8. Rb1 Nc6 9. d5 Bxc3+ 10. Bd2 Bxd2+ 11. Qxd2 Nd4 12. Nxd4 cxd4 13. Qxd4 Qa5+ 14. Qb4 Qxb4+ 15. Rxb4 0-0 16. Bc4 a6 17. Rb6 Rd8 18. Ke2 Rd6 19. Rhb1 Kf8 20. Ke3 Ke8 21. Kd4 f6 22. f4 Kd7 23. a4 Rxb6 24. Rxb6 Kc7 25. a5 Bd7 26. Kc5 Re8 27. Rb1 Rc8 28. e5 fxe5 29. fxe5 Bf5 30. Rf1 Kd7+ 31. Kd4 h5 32. Rf4 Rb8 33. h3 Rh8 34. Bd3 Bxd3 35. Kxd3 Rc8 36. Rf7 Ke8 37. Rg7 Rc5 38. Kd4 Rxa5 39. e6 Kf8 40. Rxg6 Ra2 41. Rh6 h4 42. Kc5 Rxg2 43. Rxh4 Rb2 44. Rb4 Rc2+ 45. Rc4 Rb2 46. h4 a5 47. Ra4 b6+ 48. Kc6 Rb4 49. Rxb4 axb4 50. Kd7 1-0

[Event "Ostroda op"]
[Site "Ostroda"]
[Date "2007.08.09"]
[Round "6"]
[White "Gasiorowski, Bogdan"]
[Black "Szacht, Egbert"]
[Result "0-1"]
[WhiteElo "2134"]
[BlackElo "2143"]
[PlyCount "64"]
[EventDate "2007.08.06"]
[EventType "swiss"]
[EventRounds "9"]
[EventCountry "POL"]
[SourceTitle "EXT 2009"]
[Source "ChessBase"]
[SourceDate "2008.11.26"]
[SourceVersion "1"]
[SourceVersionDate "2008.11.26"]
[SourceQuality "1"]

1. e4 c5 2. Nf3 d6 3. d4 cxd4 4. Qxd4 Nc6 5. Bb5 Bd7 6. Bxc6 Bxc6 7. Nc3 Nf6 8. Bg5 e6 9. 0-0-0 Be7 10. Rhe1 Qa5 11. Kb1 0-0 12. Qd2 Qc7 13. Nd4 Rfd8 14. f3 Rac8 15. g4 a6 16. Nce2 b5 17. h4 a5 18. Ng3 b4 19. Be3 Nd7 20. g5 Ne5 21. Qe2 Bb7 22. h5 Nc4 23. Bc1 Ba6 24. Qh2 Rb8 25. g6 Bf6 26. gxf7+ Kxf7 27. Nge2 a4 28. f4 Rdc8 29. f5 exf5 30. exf5 Na3+ 31. Ka1 Bxe2 32. Nxe2 Qxc2 0-1

[Event "Ostroda op"]
[Site "Ostroda"]
[Date "2007.08.09"]
[Round "5"]
[White "Musialkiewicz, Jan"]
[Black "Szacht, Egbert"]
[Result "1-0"]
[WhiteElo "1926"]
[BlackElo "2143"]
[PlyCount "68"]
[EventDate "2007.08.06"]
[EventType "swiss"]
[EventRounds "9"]
[EventCountry "POL"]
[SourceTitle "EXT 2009"]
[Source "ChessBase"]
[SourceDate "2008.11.26"]
[SourceVersion "1"]
[SourceVersionDate "2008.11.26"]
[SourceQuality "1"]

1. c4 Nf6 2. Nc3 g6 3. g3 Bg7 4. Bg2 0-0 5. d3 c5 6. e4 d6 7. Nge2 Nc6 8. 0-0 a6 9. a3 Rb8 10. f4 Nd4 11. Nxd4 cxd4 12. Ne2 b5 13. Kh1 Qb6 14. cxb5 axb5 15. h3 Bb7 16. Bd2 Nd7 17. b4 f5 18. Qb3+ Kh8 19. Qe6 Qd8 20. exf5 Rf6 21. Qb3 gxf5 22. Bxb7 Rxb7 23. Qd5 Qa8 24. Nxd4 Rg6 25. Rae1 Nb6 26. Qxb5 Bxd4 27. Qxf5 Rxg3 28. Kh2 Qg8 29. Qe4 e5 30. Qxb7 Nd5 31. Rc1 Be3 32. Bxe3 Rg2+ 33. Kh1 Rg3 34. Rf2 Nxf4 1-0

[Event "Ostroda op"]
[Site "Ostroda"]
[Date "2007.08.08"]
[Round "4"]
[White "Szacht, Egbert"]
[Black "Bukowska, Katarzyna"]
[Result "0-1"]
[WhiteElo "2143"]
[BlackElo "2020"]
[PlyCount "110"]
[EventDate "2007.08.06"]
[EventType "swiss"]
[EventRounds "9"]
[EventCountry "POL"]
[SourceTitle "EXT 2009"]
[Source "ChessBase"]
[SourceDate "2008.11.26"]
[SourceVersion "1"]
[SourceVersionDate "2008.11.26"]
[SourceQuality "1"]

1. d4 d5 2. c4 e6 3. Nf3 Nf6 4. g3 Be7 5. Bg2 0-0 6. 0-0 b6 7. Ne5 Bb7 8. Qa4 c5 9. dxc5 Bxc5 10. Nc3 Qe8 11. Qxe8 Rxe8 12. Rd1 Nc6 13. Nxc6 Bxc6 14. Bg5 Ne4 15. Nxe4 dxe4 16. a3 a5 17. Rd2 f6 18. Be3 Bxe3 19. fxe3 Red8 20. Rad1 Rxd2 21. Rxd2 Kf7 22. Kf2 Ke7 23. Ke1 f5 24. b3 Bb7 25. Kd1 Rc8 26. Rc2 Kd6 27. Rd2+ Ke7 28. Rc2 Rd8+ 29. Kc1 Ba6 30. a4 Rd6 31. Rd2 Bc8 32. Rd4 e5 33. Rxd6 Kxd6 34. Kc2 Kc5 35. Kc3 Be6 36. h4 Bf7 37. Bh3 Be6 38. Bg2 h6 39. Bh3 Bd7 40. Bg2 Be8 41. Bh3 Bd7 42. Bg2 g5 43. hxg5 hxg5 44. Bh3 Be6 45. Bg2 Bf7 46. Bh3 Bg6 47. Bg2 Bf7 48. Bh3 Bg6 49. Bg2 Bh5 50. Bh3 f4 51. g4 Be8 52. Bg2 Bc6 53. Bh3 f3 54. exf3 exf3 55. Bf1 Bd7 0-1

[Event "Ostroda op"]
[Site "Ostroda"]
[Date "2007.08.06"]
[Round "1"]
[White "Sielicki, Tomasz"]
[Black "Szacht, Egbert"]
[Result "0-1"]
[WhiteElo "1945"]
[BlackElo "2143"]
[PlyCount "47"]
[EventDate "2007.08.06"]
[EventType "swiss"]
[EventRounds "9"]
[EventCountry "POL"]
[SourceTitle "EXT 2009"]
[Source "ChessBase"]
[SourceDate "2008.11.26"]
[SourceVersion "1"]
[SourceVersionDate "2008.11.26"]
[SourceQuality "1"]

1. d4 Nf6 2. c4 g6 3. Nc3 Bg7 4. Nf3 0-0 5. Bf4 d6 6. e3 Nh5 7. Bg5 h6 8. Bh4 g5 9. Nd2 Nf6 10. Bg3 c5 11. Bd3 a6 12. 0-0 Nbd7 13. Qe2 Re8 14. f4 Qb6 15. fxg5 hxg5 16. Nde4 cxd4 17. Nd5 Nxd5 18. cxd5 Nf6 19. Rxf6 exf6 20. Rf1 Rxe4 21. Bxe4 dxe3 22. h4 Bd7 23. hxg5 Bb5 24. Qh5 0-1

[Event "Chojnice op"]
[Site "Chojnice"]
[Date "2007.07.19"]
[Round "8"]
[White "Zaskalski, Arkadiusz"]
[Black "Szacht, Egbert"]
[Result "1-0"]
[WhiteElo "2207"]
[BlackElo "2143"]
[PlyCount "106"]
[EventDate "2007.07.14"]
[EventType "swiss"]
[EventRounds "9"]
[EventCountry "POL"]
[SourceTitle "CBM 119 Extra"]
[Source "ChessBase"]
[SourceDate "2007.09.04"]
[SourceVersion "1"]
[SourceVersionDate "2007.09.04"]
[SourceQuality "1"]

1. Nf3 Nf6 2. c4 g6 3. g3 Bg7 4. Bg2 0-0 5. d4 d6 6. 0-0 c5 7. Nc3 Nc6 8. dxc5 dxc5 9. Be3 Qa5 10. Qa4 Qxa4 11. Nxa4 b6 12. Rad1 Bb7 13. Ne5 Nxe5 14. Bxb7 Rab8 15. Ba6 Nc6 16. Bb5 Rbc8 17. Nc3 Ng4 18. Bg5 f6 19. Bc1 f5 20. Rd7 Nge5 21. Rb7 Rb8 22. Rxb8 Nxb8 23. Rd1 a6 24. Ba4 Nxc4 25. Bb3 b5 26. a4 Bxc3 27. bxc3 Nc6 28. axb5 axb5 29. Be3 N6a5 30. Bxc4+ Nxc4 31. Bxc5 Kf7 32. Rd7 Re8 33. Rb7 Ke6 34. Rxb5 Nd6 35. Ra5 Ne4 36. Bd4 Rc8 37. Ra3 Rc7 38. f3 Nd6 39. Ra5 Nc4 40. Rc5 Rxc5 41. Bxc5 Kd7 42. Kf2 e6 43. e4 Kc6 44. Bb4 fxe4 45. fxe4 Nd2 46. Ke3 Nf1+ 47. Kf4 Nxh2 48. Ke5 Nf1 49. g4 h5 50. gxh5 gxh5 51. Be7 Kd7 52. Bg5 Ng3 53. c4 Ne2 1-0

[Event "Chojnice op"]
[Site "Chojnice"]
[Date "2007.07.17"]
[Round "5"]
[White "Szacht, Egbert"]
[Black "Nester, Ihor"]
[Result "0-1"]
[WhiteElo "2143"]
[BlackElo "2354"]
[PlyCount "40"]
[EventDate "2007.07.14"]
[EventType "swiss"]
[EventRounds "9"]
[EventCountry "POL"]
[SourceTitle "CBM 119 Extra"]
[Source "ChessBase"]
[SourceDate "2007.09.04"]
[SourceVersion "1"]
[SourceVersionDate "2007.09.04"]
[SourceQuality "1"]

1. d4 d5 2. Nf3 Nf6 3. c4 dxc4 4. Qa4+ c6 5. Qxc4 Bf5 6. Nc3 e6 7. g3 Nbd7 8. Bg2 Be7 9. 0-0 0-0 10. Nh4 Nb6 11. Qb3 Qxd4 12. Nxf5 exf5 13. a4 Qc4 14. Qc2 g6 15. b3 Qe6 16. Bb2 Nbd5 17. a5 Nb4 18. Qb1 Rad8 19. Re1 Qxb3 20. e4 Nc2 0-1

[Event "Kowalewo Pomorskie op-A"]
[Site "Kowalewo Pomorskie"]
[Date "2007.07.06"]
[Round "4"]
[White "Smirnov, Aleksander"]
[Black "Szacht, Egbert"]
[Result "1-0"]
[WhiteElo "2247"]
[BlackElo "2143"]
[PlyCount "72"]
[EventDate "2007.07.04"]
[EventType "swiss"]
[EventRounds "9"]
[EventCountry "POL"]
[SourceTitle "CBM 119 Extra"]
[Source "ChessBase"]
[SourceDate "2007.09.04"]
[SourceVersion "1"]
[SourceVersionDate "2007.09.04"]
[SourceQuality "1"]

1. e4 c5 2. Nf3 e6 3. c3 d5 4. exd5 Qxd5 5. d4 Nf6 6. Be3 cxd4 7. cxd4 Nc6 8. Nc3 Bb4 9. Bd3 Qa5 10. Qb3 0-0 11. 0-0 a6 12. Ne4 Nd5 13. a3 Be7 14. Rac1 Qc7 15. Ne5 Bd7 16. Bb1 Rac8 17. Rfd1 f6 18. Nxd7 Qxd7 19. Qd3 g6 20. Ba2 Kg7 21. Bd2 Rcd8 22. Qh3 h5 23. Qd3 e5 24. dxe5 Nxe5 25. Qxd5 Qxd5 26. Bxd5 Rxd5 27. Bh6+ Kxh6 28. Rxd5 Nc6 29. Rd7 f5 30. Rxb7 fxe4 31. Rxc6 Rd8 32. Kf1 Bg5 33. Rbb6 Rd1+ 34. Ke2 Rd2+ 35. Ke1 Bf4 36. g3 e3 1-0

[Event "Ketrzyn op 9th"]
[Site "Ketrzyn"]
[Date "2006.12.28"]
[Round "5.4"]
[White "Szacht, Egbert"]
[Black "Gawronski, Miroslaw"]
[Result "0-1"]
[WhiteElo "2156"]
[BlackElo "2168"]
[PlyCount "82"]
[EventDate "2006.12.27"]
[EventType "swiss"]
[EventRounds "9"]
[EventCountry "POL"]
[SourceTitle "EXT 2023"]
[Source "ChessBase"]
[SourceDate "2022.10.05"]
[SourceVersion "1"]
[SourceVersionDate "2022.10.05"]
[SourceQuality "1"]

1. d4 d5 2. c4 dxc4 3. Nf3 a6 4. g3 b5 5. Bg2 Bb7 6. a4 Nd7 7. Nc3 b4 8. Na2 e5 9. d5 Ngf6 10. e4 Bc5 11. Nd2 a5 12. Nxc4 0-0 13. 0-0 Ba6 14. b3 Bd4 15. Rb1 Nc5 16. Bg5 Nxa4 17. Nxe5 Bxe5 18. bxa4 Bxf1 19. Kxf1 Bd6 20. Qd4 Be7 21. Rd1 Nxd5 22. exd5 Bxg5 23. d6 cxd6 24. Bxa8 Qxa8 25. Qd5 h6 26. f4 Qxd5 27. Rxd5 b3 28. Nc3 Rc8 29. Rb5 Rxc3 30. fxg5 hxg5 31. Ke2 Rc2+ 32. Kd3 Rxh2 33. Rxa5 b2 34. Rb5 Rg2 35. a5 d5 36. a6 Rxg3+ 37. Kc2 Ra3 38. Rb6 g4 39. Kxb2 Ra5 40. Kb3 g3 41. Kb4 Ra1 0-1

[Event "Ostroda op"]
[Site "Ostroda"]
[Date "2006.08.12"]
[Round "8.12"]
[White "Zarebski, Cezary"]
[Black "Szacht, Egbert"]
[Result "0-1"]
[WhiteElo "2077"]
[BlackElo "2177"]
[PlyCount "60"]
[EventDate "2006.08.07"]
[EventType "swiss"]
[EventRounds "9"]
[EventCountry "POL"]
[SourceTitle "CBM 113 Extra"]
[Source "ChessBase"]
[SourceDate "2006.09.14"]
[SourceVersion "1"]
[SourceVersionDate "2006.09.14"]
[SourceQuality "1"]

1. e4 c5 2. Nf3 Nc6 3. Bb5 g6 4. c3 Qc7 5. d4 cxd4 6. cxd4 Bg7 7. 0-0 a6 8. Bc4 d6 9. Nc3 Nf6 10. Be3 0-0 11. Qd2 b5 12. Bb3 Bg4 13. Qe2 Rac8 14. Rfd1 Na5 15. Rac1 Qb7 16. h3 Bxf3 17. Qxf3 Nc4 18. Bxc4 Rxc4 19. e5 Qxf3 20. gxf3 Nd7 21. Ne4 dxe5 22. dxe5 Nxe5 23. Kg2 Rfc8 24. Rxc4 Nxc4 25. b3 Nxe3+ 26. fxe3 f5 27. Nd2 Rc2 28. Kf2 Bc3 29. Ke2 Rxa2 30. b4 Bxb4 0-1